|
|
|
|
| LEADER |
01839nam a2200397 i 4500 |
| 001 |
34410 |
| 003 |
BD-DhAAL |
| 005 |
20211121120517.0 |
| 008 |
190327t20182018enkab b 001 0 eng |
| 999 |
|
|
|c 40550
|d 40550
|
| 010 |
|
|
|a 2017011138
|
| 020 |
|
|
|a 9781138861015 (set)
|
| 020 |
|
|
|a 9781138861060 (Volume Iv)
|
| 040 |
|
|
|a DLC
|b eng
|e rda
|c DLC
|d OCLCO
|d OCLCQ
|d OCLCF
|d YDX
|d OCLCO
|d OCLCA
|d BD-DhAA
|
| 042 |
|
|
|a pcc
|
| 050 |
0 |
0 |
|a NA1053.J4
|b L45 2018
|
| 082 |
0 |
0 |
|a 720.92
|2 23
|
| 240 |
|
|
|a Le Corbusier (Routledge (Firm)
|
| 245 |
1 |
0 |
|a Le Corbusier /
|n Volume IV. Legacy and impact 1960-2015
|c edited by Graham Livesey and Antony Moulis.
|
| 260 |
|
|
|a Milton Park, Abingdon, Oxon ;
|a New York, NY :
|b Routledge, Taylor & Francis Group,
|c c2018
|
| 300 |
|
|
|a xi, 484 pages :
|b illustrations ;
|c 24 cm.
|
| 362 |
|
|
|a Volume II. World architect, 1927-1946
|
| 490 |
0 |
|
|a Critical concepts in architecture
|
| 504 |
|
|
|a Includes bibliographical references and index.
|
| 505 |
0 |
|
|a Volume I. Formative years, 1887-1933 -- Volume II. World architect, 1927-1946 -- Volume III. Post-war reconstruction, 1946-1965 -- Volume IV. Legacy and impact 1960-2015.
|
| 526 |
|
|
|a ARC
|
| 541 |
|
|
|a Parama Publishers
|e 34410
|
| 600 |
0 |
0 |
|a Le Corbusier,
|d 1887-1965
|x Criticism and interpretation.
|9 30615
|
| 600 |
0 |
0 |
|a Le Corbusier,
|d 1887-1965
|x Written works.
|9 30616
|
| 600 |
0 |
7 |
|a Le Corbusier,
|d 1887-1965.
|9 30617
|
| 650 |
|
|
|a Architecture.
|9 42899
|
| 700 |
1 |
|
|a Livesey, Graham,
|d 1960-
|e editor.
|9 30620
|
| 700 |
1 |
|
|a Moulis, Antony,
|e editor.
|9 30621
|
| 852 |
|
|
|a Ayesha Abed Library
|c General Stacks
|
| 942 |
|
|
|2 ddc
|c BK
|
| 952 |
|
|
|0 0
|1 0
|2 ddc
|4 0
|6 720_920000000000000_COR
|7 0
|9 65168
|a BRACUL
|b BRACUL
|c GEN
|d 2019-02-26
|e Parama Publishers
|g 15975.00
|l 0
|o 720.92 COR
|p 3010034410
|r 2019-02-26
|t 1
|v 15975.00
|w 2019-02-26
|y BK
|x Transferred from ARC to BRACUL on 28/12/2023
|